Normal view
MARC view
Entry Personal Name
001 - CONTROL NUMBER
- control field: 899
003 - CONTROL NUMBER IDENTIFIER
- control field: BD-DhUIB
005 - DATE AND TIME OF LATEST TRANSACTION
- control field: 20241202170435.0
008 - FIXED-LENGTH DATA ELEMENTS
- fixed length control field: 241202|| aca||aabn | a|a d
040 ## - CATALOGING SOURCE
- Original cataloging agency: BD-DhUIB
- Transcribing agency: BD-DhUIB
100 ## - HEADING--PERSONAL NAME
- Personal name: Duncan, Ton
670 ## - SOURCE DATA FOUND
- Source citation: Work cat.: (BD-DhUIB)447: Duncan, Ton., IMC using advertising and promotion to build brands /
